000 00686nam a2200193Ia 4500
003 GCL
008 140319s9999 xx 000 0 ara d
040 _aGCL /
_cGCL
082 0 4 _a370.118
_bم ن
100 1 _aمركز خدمة المجتمع والتعليم الم
245 1 0 _aندوة تطوير التعليم المستمر والتدريب فى دول الخليج العربى /
_cمركز خدمة المجتمع والتعليم الم
300 _a315 ص
490 _aالهيئة العامة للاستعلامات
_v0
650 0 4 _aالكويت
650 0 4 _aالتعليم
650 0 4 _aالتربية
650 0 4 _aتطوير التعليم
942 _2ddc
_cBK
999 _c50633
_d50633